000 00399cam a2200157ua 4500
041 _aeng
_h
082 _a828.09
_bSTA/BU
100 _aStanislavski, Constantin .
245 _aBuilding : A character /
_cConstantin Stanislavski.
_hTextual Documents
250 _a1 /
_b.
260 _aLondon :
_bMax Reinhardt ,
_c1965.
300 _a300 ; .
504 _a
942 _cBK
999 _c8892
_d8892